000 00706nam a2200253Ia 4500
003 OSt
005 20220928131027.0
006 a|||||r|||| 00| 0
007 ta
008 220927b |||||||| |||| 00| 0 eng d
020 _c5445
024 _a109893
037 _b128, 29/10/2010, Pioneer Book Distributors
_cTextual
040 _aSDCL
_cSDCL
_beng
041 _2eng
_aeng
082 _aVv, P9
100 _aBudd Adam Ed.
_9476814
245 0 _aModern historiography reader
_b Western sources.
260 _c2009
300 _axxiii,534
_ccm.
650 _aHistory
942 _hVv, P9
_cTEXL
_2CC
999 _c789286
_d789286